Man-biting sand flies (Díptera: Psychodidae) from Gorgona, and island of the Pacific coast of Colombia (Registro nro. 15765)

Detalles MARC
000 -CABECERA
Campo de control 004040000a22001210004500
090 ## - CLASIFICACIÓN LOCAL
Colección AS
Consecutivo Seriadas
041 0# - IDIOMA
Código de idioma para texto/pista de sonido o título separado
100 1# - ASIENTO PRINCIPAL--NOMBRE PERSONAL
Nombre personal Montoya Lerna, James
245 10 - MENCION DE TITULO
Título Man-biting sand flies (Díptera: Psychodidae) from Gorgona, and island of the Pacific coast of Colombia
700 1# - ASIENTO SECUNDARIO - NOMBRE PERSONAL
Nombre personal Baena, Martha L.
773 1# - Item fuente:
Título Biblioteca José Jerónimo Triana
Descripción física 11
Paginas del Articulo 73-78
Lugar, editorial y fecha de publicación 1995
942 ## - ELEMENTOS ADICIONALES (KOHA)
Tipo de ítem Artículo

No hay ítems disponibles.